000 00711nam a2200193 4500
001 143868
003 ES-MaACL
005 20250716062531.0
007 t|
008 070214s1968 mx r ||||1| spa d
100 1 _aShakespeare, William,
_d1564-1616
_9105992
245 1 0 _aHamlet, Príncipe de Dinamarca /
_cWilliam Shakespeare ; traducción completa en verso blanco, estudio histórico y crítico, notas y comentarios de Alvaro Custodio.
260 _aMéxico, D. F. :
_bTeatro Clásico de México,
_c1968 (
_fMuñoz)
300 _a467 p. ;
_c20 cm.
700 1 _aCustodio, Alvaro.
_942279
710 2 _aTeatro Clásico de México.
_96916
852 _aES-MaACL
_jC-56397
_bR.89153
999 _c143868
_d143868